[Event "Belgrade Gligoric 100 Ann op"]
[Site "Belgrade"]
[Date "2023.02.05"]
[Round "6"]
[White "Injac, Teodora"]
[Black "Cobic, Vladimir"]
[Result "0-1"]
[WhiteElo "2383"]
[BlackElo "2256"]
[PlyCount "62"]
[EventDate "2023.02.05"]
[EventType "swiss (blitz)"]
[EventRounds "11"]
[EventCountry "SRB"]
[SourceTitle "EXT 2024"]
[Source "ChessBase"]
[SourceDate "2023.10.10"]
[SourceVersion "1"]
[SourceVersionDate "2023.10.10"]
[SourceQuality "1"]

1. Nf3 Nf6 2. c4 c5 3. Nc3 d5 4. cxd5 Nxd5 5. e3 Nc6 6. Bc4 Nxc3 7. bxc3 e6 8. 0-0 Qc7 9. d4 Be7 10. Bb2 0-0 11. Qe2 b6 12. e4 Na5 13. Bd3 c4 14. Bc2 f6 15. Bc1 e5 16. Be3 Bg4 17. h3 Bh5 18. g4 Bf7 19. Nh4 Rfd8 20. Nf5 Ba3 21. Rab1 Nc6 22. d5 Ne7 23. Ng3 Rac8 24. Kh1 Ng6 25. Nf5 Nf4 26. Qf3 Bg6 27. Rg1 Bxf5 28. gxf5 Bc5 29. Bxf4 exf4 30. Rg4 Qe5 31. Rbg1 Rd7 0-1

[Event "Belgrade-chT Quality"]
[Site "Belgrade"]
[Date "2022.10.05"]
[Round "5.4"]
[White "Vulinovic, Radivoje"]
[Black "Cobic, Vladimir"]
[Result "1/2-1/2"]
[WhiteElo "2186"]
[BlackElo "2272"]
[PlyCount "115"]
[EventDate "2022.10.01"]
[EventType "team-tourn"]
[EventRounds "11"]
[EventCountry "SRB"]
[SourceTitle "CBM 210 Extra"]
[Source "ChessBase"]
[SourceDate "2022.11.30"]
[SourceVersion "1"]
[SourceVersionDate "2022.11.30"]
[SourceQuality "1"]
[WhiteTeam "Belgrade Napredak"]
[BlackTeam "Belgrade Mladenovac"]
[WhiteTeamCountry "SRB"]
[BlackTeamCountry "SRB"]

1. Nf3 Nf6 2. g3 b5 3. Bg2 Bb7 4. 0-0 e6 5. d3 Be7 6. e4 d6 7. Nd4 a6 8. Re1 Qc8 9. Qe2 c5 10. Nb3 Nc6 11. c3 0-0 12. Be3 Ne5 13. Na5 c4 14. Nxb7 cxd3 15. Nxd6 Bxd6 16. Qd1 Rd8 17. Bd4 Nfd7 18. f4 Nc6 19. e5 Nxd4 20. cxd4 Bb4 21. Re3 Qc2 22. Qxc2 dxc2 23. Nc3 Rac8 24. Rc1 Nb6 25. Rd3 Nc4 26. Rxc2 Nxb2 27. Rxb2 Rxc3 28. Rxc3 Bxc3 29. Rc2 b4 30. Bb7 a5 31. Bc6 Rxd4 32. Kf2 g5 33. Ke3 Rd1 34. Bf3 Rd8 35. Bc6 Rc8 36. Ba4 Kg7 37. Re2 Rd8 38. Kf3 Rd4 39. fxg5 Bd2 40. h4 Rd3+ 41. Ke4 Ra3 42. Bb3 Bc1 43. Rc2 a4 44. Bc4 Re3+ 45. Kd4 Re1 46. Kc5 Ba3 47. Kb5 Re3 48. Kxa4 Rxg3 49. Bb3 Rg4 50. Rc4 Rxc4 51. Bxc4 Kg6 52. Bd3+ Kh5 53. Bxh7 Kxh4 54. g6 fxg6 55. Bxg6 Kg5 56. Bd3 Kf4 57. Kb3 Kxe5 58. Bc4 1/2-1/2

[Event "Belgrade-chT Quality"]
[Site "Belgrade"]
[Date "2021.11.13"]
[Round "9.2"]
[White "Cobic, Vladimir"]
[Black "Mikluc, Davorin"]
[Result "0-1"]
[WhiteElo "2297"]
[BlackElo "2182"]
[PlyCount "98"]
[EventDate "2021.10.16"]
[EventType "team-tourn"]
[EventRounds "11"]
[EventCountry "SRB"]
[SourceTitle "EXT 2023"]
[Source "ChessBase"]
[SourceDate "2022.10.05"]
[SourceVersion "1"]
[SourceVersionDate "2022.10.05"]
[SourceQuality "1"]
[WhiteTeam "Belgrade Mladenovac"]
[BlackTeam "Belgrade Banjica"]
[WhiteTeamCountry "SRB"]
[BlackTeamCountry "SRB"]

1. e4 c6 2. d4 d5 3. Nc3 dxe4 4. Nxe4 Bf5 5. Ng3 Bg6 6. h4 h6 7. Nf3 Nd7 8. h5 Bh7 9. Bd3 Bxd3 10. Qxd3 Ngf6 11. Bd2 e6 12. 0-0-0 Qc7 13. Ne4 Nxe4 14. Qxe4 Nf6 15. Qe2 0-0-0 16. g3 Rg8 17. Kb1 c5 18. Bf4 Bd6 19. Bxd6 Rxd6 20. dxc5 Rxd1+ 21. Rxd1 Qxc5 22. Ne5 Qc7 23. c4 Rd8 24. Rc1 Ne8 25. c5 Rd5 26. Nd3 Kd7 27. f4 Ke7 28. c6 bxc6 29. Nb4 Rd6 30. Rxc6 Qb7 31. Rxd6 Nxd6 32. a3 f5 33. Qc2 Qe4 34. Nc6+ Kd7 35. Nxa7 Qxc2+ 36. Kxc2 Ne4 37. b4 Nxg3 38. Kd3 Nxh5 39. Ke3 Nf6 40. Nb5 Nd5+ 41. Kf3 g5 42. fxg5 hxg5 43. Nd4 Nb6 44. Nb3 Na4 45. Nd4 Kd6 46. Nb5+ Kc6 47. Nd4+ Kd5 48. Ke3 f4+ 49. Kd3 e5 0-1

[Event "Belgrade Spring GM1"]
[Site "Belgrade"]
[Date "2021.04.21"]
[Round "8"]
[White "Sturt, Raven M"]
[Black "Cobic, Vladimir"]
[Result "0-1"]
[WhiteElo "2490"]
[BlackElo "2365"]
[PlyCount "74"]
[EventDate "2021.04.16"]
[EventType "tourn"]
[EventRounds "9"]
[EventCountry "SRB"]
[EventCategory "6"]
[SourceTitle "CBM 202 Extra"]
[Source "ChessBase"]
[SourceDate "2021.07.31"]
[SourceVersion "1"]
[SourceVersionDate "2021.07.31"]
[SourceQuality "1"]

1. e4 d5 2. exd5 Nf6 3. Nf3 Nxd5 4. d4 g6 5. c4 Nb6 6. Nc3 Bg7 7. h3 0-0 8. Be2 Nc6 9. Be3 e5 10. d5 Ne7 11. a4 Nf5 12. Bg5 f6 13. Bc1 Re8 14. 0-0 Nd7 15. a5 e4 16. Nd2 Nd6 17. b4 f5 18. Ra3 c5 19. bxc5 Nxc5 20. Nb3 Na6 21. Na4 Bd7 22. Bf4 Rc8 23. c5 Bxa4 24. Bxd6 Bxb3 25. Rxb3 Nxc5 26. Bxc5 Rxc5 27. Rxb7 Be5 28. Qb3 Bd6 29. a6 Qf6 30. Rxa7 Qe5 31. g3 Rc3 32. Qxc3 Qxc3 33. Rd7 Bc5 34. Kg2 e3 35. Rc7 exf2 36. Bf3 Qd4 37. Rd1 Re1 0-1

[Event "Belgrade Spring GM1"]
[Site "Belgrade"]
[Date "2021.04.18"]
[Round "4"]
[White "Cobic, Vladimir"]
[Black "Maksimovic, Bojan"]
[Result "1/2-1/2"]
[WhiteElo "2365"]
[BlackElo "2416"]
[PlyCount "132"]
[EventDate "2021.04.16"]
[EventType "tourn"]
[EventRounds "9"]
[EventCountry "SRB"]
[EventCategory "6"]
[SourceTitle "CBM 202 Extra"]
[Source "ChessBase"]
[SourceDate "2021.07.31"]
[SourceVersion "1"]
[SourceVersionDate "2021.07.31"]
[SourceQuality "1"]

1. e4 c5 2. Nc3 Nc6 3. Bb5 Nd4 4. Nf3 Nxb5 5. Nxb5 d6 6. d4 Nf6 7. Qd3 a6 8. Nc3 cxd4 9. Nxd4 e6 10. Bg5 Be7 11. 0-0-0 Qc7 12. f4 b5 13. Bxf6 Bxf6 14. Ndxb5 axb5 15. Nxb5 Qb6 16. Nxd6+ Kf8 17. e5 Be7 18. Qd4 Qa5 19. a3 g6 20. g4 Rg8 21. Rhf1 Ba6 22. Rf2 Rd8 23. c4 f5 24. g5 Rg7 25. c5 Kg8 26. Rc2 Bf8 27. Qc3 Qa4 28. b4 Bb7 29. Nxb7 Rxd1+ 30. Kxd1 Rxb7 31. c6 Rc7 32. Kc1 Kf7 33. Kb2 Be7 34. Qb3 Qb5 35. Qc4 Qa4 36. Rc3 Bf8 37. Ka2 Qd1 38. b5 Qd2+ 39. Rc2 Qe3 40. Qc3 Qb6 41. a4 Ra7 42. Kb3 Rc7 43. Qc4 Qe3+ 44. Qc3 Qb6 45. Qd3 Be7 46. Rc4 Qg1 47. a5 Ra7 48. Ra4 Qc5 49. Qc4 Qe3+ 50. Qc3 Qe2 51. Rc4 Qd1+ 52. Kb2 Qd5 53. c7 Qxb5+ 54. Kc2 Rb7 55. c8Q Qb1+ 56. Kd2 Rb2+ 57. Qxb2 Qxb2+ 58. Kd3 Qa3+ 59. Rc3 Qxa5 60. Qc6 Qa1 61. Rc1 Qa2 62. Rc2 Qb3+ 63. Qc3 Qd5+ 64. Qd4 Qb3+ 65. Rc3 Qd1+ 66. Ke3 Qh5 1/2-1/2

[Event "Belgrade-chT Premier"]
[Site "Belgrade"]
[Date "2017.09.21"]
[Round "4.5"]
[White "Djurasevic, Branislav"]
[Black "Cobic, Vladimir"]
[Result "0-1"]
[WhiteElo "2095"]
[BlackElo "2296"]
[PlyCount "61"]
[EventDate "2017.09.18"]
[EventType "team"]
[EventRounds "9"]
[EventCountry "SRB"]
[SourceTitle "CBM 180 Extra"]
[Source "ChessBase"]
[SourceDate "2017.10.06"]
[SourceVersion "1"]
[SourceVersionDate "2017.10.06"]
[SourceQuality "1"]
[WhiteTeam "Mirijevo"]
[BlackTeam "Grocka"]
[WhiteTeamCountry "SRB"]
[BlackTeamCountry "SRB"]

1. e4 d5 2. Nc3 d4 3. Nce2 Nc6 4. Ng3 e5 5. Bb5 Qd6 6. Nf3 g6 7. Bxc6+ bxc6 8. d3 h5 9. h3 h4 10. Nf1 f6 11. N1d2 Be6 12. Nc4 Qd7 13. 0-0 g5 14. Nh2 Ne7 15. Ng4 Bg7 16. f3 a5 17. a4 c5 18. Bd2 Nc6 19. Qe1 Kf7 20. b3 Bxc4 21. dxc4 d3 22. c3 Rab8 23. Rb1 Nd8 24. Be3 Ne6 25. Rf2 Rb6 26. Rd2 Rhb8 27. Nf2 Rxb3 28. Rxb3 Rxb3 29. Nxd3 Qxa4 30. Nb2 Qc6 31. Nd1 0-1

[Event "Belgrade-chT Premier"]
[Site "Belgrade"]
[Date "2017.09.20"]
[Round "3.1"]
[White "Kocic, Sasa"]
[Black "Cobic, Vladimir"]
[Result "0-1"]
[WhiteElo "2227"]
[BlackElo "2296"]
[PlyCount "48"]
[EventDate "2017.09.18"]
[EventType "team"]
[EventRounds "9"]
[EventCountry "SRB"]
[SourceTitle "CBM 180 Extra"]
[Source "ChessBase"]
[SourceDate "2017.10.06"]
[SourceVersion "1"]
[SourceVersionDate "2017.10.06"]
[SourceQuality "1"]
[WhiteTeam "Rudovci Radnicki"]
[BlackTeam "Grocka"]
[WhiteTeamCountry "SRB"]
[BlackTeamCountry "SRB"]

1. Nf3 Nc6 2. g3 e5 3. d3 d5 4. Bg2 Be6 5. 0-0 Qd7 6. Nc3 f6 7. e4 d4 8. Ne2 0-0-0 9. Ne1 g5 10. f4 gxf4 11. gxf4 Bg4 12. Nf3 Nh6 13. fxe5 fxe5 14. Bg5 Re8 15. Qd2 Nf7 16. Kh1 Rg8 17. Bh4 Bh6 18. Qe1 Bh3 19. Bxh3 Qxh3 20. Bg3 Be3 21. Nfxd4 Nxd4 22. Nxd4 Bxd4 23. Rxf7 h5 24. Rh7 Ref8 0-1

[Event "Belgrade-chT"]
[Site "Belgrade"]
[Date "2016.10.17"]
[Round "9.5"]
[White "Djurasinov, Branislav"]
[Black "Cobic, Vladimir"]
[Result "0-1"]
[WhiteElo "2175"]
[BlackElo "2311"]
[PlyCount "190"]
[EventDate "2016.10.08"]
[EventType "team-tourn"]
[EventRounds "13"]
[EventCountry "SRB"]
[SourceTitle "CBM 175 Extra"]
[Source "ChessBase"]
[SourceDate "2016.12.12"]
[SourceVersion "1"]
[SourceVersionDate "2016.12.12"]
[SourceQuality "1"]
[WhiteTeam "Cyril i Metodije"]
[BlackTeam "Grocka"]
[WhiteTeamCountry "SRB"]
[BlackTeamCountry "SRB"]

1. d4 Nf6 2. Nf3 c5 3. e3 g6 4. c3 Qc7 5. Be2 Bg7 6. 0-0 0-0 7. Nbd2 b6 8. a4 Bb7 9. Re1 Nc6 10. Nc4 d5 11. Nce5 Ne4 12. Nxc6 Bxc6 13. Bd2 f5 14. g3 e5 15. Nxe5 Bxe5 16. dxe5 Qxe5 17. Bf1 c4 18. Bg2 Nc5 19. Bc1 Rad8 20. Ra3 Rfe8 21. a5 b5 22. Re2 a6 23. Rd2 Nb3 24. Rxb3 cxb3 25. Qxb3 Qc7 26. Qa2 Bb7 27. Rd4 Qf7 28. Bd2 g5 29. Qb3 Rc8 30. Qb4 Rc4 31. Qd6 Rxd4 32. cxd4 Qe6 33. Qxe6+ Rxe6 34. Bb4 f4 35. Bh3 Rh6 36. Bf5 fxe3 37. fxe3 Rf6 38. Bg4 Kf7 39. Bh5+ Kg7 40. Be7 Rc6 41. Bc5 Kf6 42. Bf3 Re6 43. Kf2 Kg6 44. b4 h5 45. h3 Rf6 46. Kg2 Rf7 47. Bd6 Rd7 48. Bc5 Rh7 49. Bd6 Rh8 50. Bc5 Kf5 51. g4+ hxg4 52. hxg4+ Ke6 53. Kg3 Kd7 54. Bb6 Re8 55. Kf2 Kc6 56. Bc5 Bc8 57. Bb6 Be6 58. Bc5 Bf7 59. Bg2 Bg6 60. Bf3 Be4 61. Be2 Kd7 62. Kg3 Bd3 63. Bf3 Be4 64. Be2 Rh8 65. Bb6 Rh1 66. Bc5 Rb1 67. Bf8 Ke6 68. Bc5 Rb3 69. Kf2 Bd3 70. Bxd3 Rxd3 71. Ke2 Rb3 72. Bf8 Rb1 73. Bc5 Rh1 74. Kf3 Rh3+ 75. Kf2 Rh6 76. Kg2 Rf6 77. Bb6 Rh6 78. Bc5 Rh4 79. Kg3 Rh1 80. Kg2 Rb1 81. Kf2 Rb2+ 82. Kf1 Rh2 83. Kg1 Rh4 84. Kg2 Rxg4+ 85. Kf3 Kf5 86. Bd6 Rg1 87. Bc5 g4+ 88. Kf2 Rb1 89. Bd6 Ke4 90. Kg3 Kxe3 91. Kxg4 Kxd4 92. Kf5 Kc4 93. Ke6 d4 94. Kd7 d3 95. Bf4 d2 0-1

[Event "Belgrade-chT"]
[Site "Belgrade"]
[Date "2016.10.16"]
[Round "8.4"]
[White "Cobic, Vladimir"]
[Black "Spiric, Igor"]
[Result "0-1"]
[WhiteElo "2311"]
[BlackElo "2272"]
[PlyCount "64"]
[EventDate "2016.10.08"]
[EventType "team-tourn"]
[EventRounds "13"]
[EventCountry "SRB"]
[SourceTitle "CBM 175 Extra"]
[Source "ChessBase"]
[SourceDate "2016.12.12"]
[SourceVersion "1"]
[SourceVersionDate "2016.12.12"]
[SourceQuality "1"]
[WhiteTeam "Grocka"]
[BlackTeam "Romanticari"]
[WhiteTeamCountry "SRB"]
[BlackTeamCountry "SRB"]

1. e4 e6 2. d4 b6 3. Bd3 Bb7 4. Nf3 c5 5. 0-0 cxd4 6. Nxd4 Nc6 7. Nxc6 Bxc6 8. c4 d6 9. Nc3 Nf6 10. b3 Be7 11. Bb2 a6 12. Qe2 Bb7 13. Rae1 Nd7 14. f4 Bh4 15. Rd1 Qc7 16. Kh1 Bf6 17. e5 dxe5 18. Ne4 exf4 19. Nxf6+ gxf6 20. Be4 0-0-0 21. Bxb7+ Kxb7 22. Qe4+ Ka7 23. b4 f5 24. Qe2 Rhg8 25. a4 e5 26. Rd5 f6 27. a5 Nb8 28. axb6+ Qxb6 29. Ra5 Qe3 30. Qh5 Qd2 31. Qf7+ Ka8 32. Rg1 Qxg2+ 0-1

[Event "Belgrade-chT"]
[Site "Belgrade"]
[Date "2016.10.12"]
[Round "5.3"]
[White "Cetkovic, Miodrag"]
[Black "Cobic, Vladimir"]
[Result "1/2-1/2"]
[WhiteElo "2195"]
[BlackElo "2311"]
[PlyCount "75"]
[EventDate "2016.10.08"]
[EventType "team-tourn"]
[EventRounds "13"]
[EventCountry "SRB"]
[SourceTitle "EXT 2017"]
[Source "ChessBase"]
[SourceDate "2016.10.25"]
[SourceVersion "1"]
[SourceVersionDate "2016.10.25"]
[SourceQuality "1"]
[WhiteTeam "Belgrade Radnicki"]
[BlackTeam "Grocka"]
[WhiteTeamCountry "SRB"]
[BlackTeamCountry "SRB"]

1. e4 d5 2. exd5 Nf6 3. Bb5+ Nbd7 4. Nc3 a6 5. Bc4 Nb6 6. d3 Nfxd5 7. Nxd5 Nxd5 8. Qf3 e6 9. Qg3 Bb4+ 10. Bd2 Bxd2+ 11. Kxd2 0-0 12. Nf3 b5 13. Bxd5 Qxd5 14. Qxc7 Bb7 15. Rhe1 Rac8 16. Qe5 Qc6 17. Rac1 Rfd8 18. Re2 Qc4 19. Ne1 Qxa2 20. b3 Rd5 21. Qa1 Qxa1 22. Rxa1 e5 23. Ra5 f6 24. f4 exf4 25. Re7 Rb8 26. c4 Rg5 27. h4 Rh5 28. d4 Kf8 29. Rc7 Be4 30. Rxa6 bxc4 31. bxc4 Rxh4 32. Raa7 Rg4 33. Ke2 Rg3 34. d5 Re3+ 35. Kf1 Bg6 36. Rab7 Ra8 37. Ra7 Rb8 38. Rab7 1/2-1/2

[Event "Belgrade-chT Quality"]
[Site "Belgrade"]
[Date "2015.10.04"]
[Round "2"]
[White "Nikolic, Dragoslav"]
[Black "Cobic, Vladimir"]
[Result "0-1"]
[WhiteElo "2237"]
[BlackElo "2318"]
[PlyCount "44"]
[EventDate "2015.10.03"]
[EventType "team-tourn"]
[EventRounds "11"]
[EventCountry "SRB"]
[SourceTitle "EXT 2018"]
[Source "ChessBase"]
[SourceDate "2017.10.13"]
[SourceVersion "1"]
[SourceVersionDate "2017.10.13"]
[SourceQuality "1"]

1. e4 d5 2. e5 c5 3. f4 Nc6 4. d3 g5 5. g3 gxf4 6. gxf4 Nh6 7. Bh3 Bxh3 8. Nxh3 Qd7 9. Qh5 0-0-0 10. Rg1 f6 11. Nd2 Nd4 12. Kd1 c4 13. Nf3 Nxf3 14. Qxf3 Nf5 15. Re1 Rg8 16. e6 Qc6 17. d4 Nxd4 18. Qe3 Qb6 19. c3 Nf5 20. Qe2 d4 21. Qxc4+ Kb8 22. Re2 dxc3+ 0-1

[Event "Belgrade-chT"]
[Site "Belgrade"]
[Date "2014.10.26"]
[Round "8"]
[White "Cobic, Vladimir"]
[Black "Savkic, Igor"]
[Result "1-0"]
[WhiteElo "2279"]
[BlackElo "2177"]
[PlyCount "41"]
[EventDate "2014.10.04"]
[EventType "team-tourn"]
[EventRounds "13"]
[EventCountry "SRB"]
[SourceTitle "EXT 2015"]
[Source "ChessBase"]
[SourceDate "2014.11.20"]
[SourceVersion "1"]
[SourceVersionDate "2014.11.20"]
[SourceQuality "1"]

1. e4 e5 2. Bc4 Nf6 3. d3 Nc6 4. Nc3 Bb4 5. a3 Bxc3+ 6. bxc3 d5 7. exd5 Nxd5 8. Bd2 0-0 9. Ne2 Bg4 10. h3 Bh5 11. g4 Bg6 12. h4 h5 13. Ng3 hxg4 14. h5 Bh7 15. Qxg4 f5 16. Qg5 f4 17. Ne4 Qxg5 18. Bxd5+ Kh8 19. Nxg5 Bf5 20. 0-0-0 Rad8 21. Nf7+ 1-0

[Event "Belgrade-chT"]
[Site "Belgrade"]
[Date "2014.10.19"]
[Round "6"]
[White "Cobic, Vladimir"]
[Black "Jeremic, Milan"]
[Result "1-0"]
[WhiteElo "2279"]
[BlackElo "2149"]
[PlyCount "43"]
[EventDate "2014.10.04"]
[EventType "team-tourn"]
[EventRounds "13"]
[EventCountry "SRB"]
[SourceTitle "EXT 2015"]
[Source "ChessBase"]
[SourceDate "2014.11.20"]
[SourceVersion "1"]
[SourceVersionDate "2014.11.20"]
[SourceQuality "1"]

1. e4 c6 2. d4 d5 3. e5 a6 4. f4 g6 5. c4 h5 6. Nc3 Nh6 7. Nf3 b5 8. cxd5 cxd5 9. Qb3 e6 10. Bd3 Nc6 11. 0-0 Qb6 12. Kh1 Nxd4 13. Nxd4 Qxd4 14. Nxb5 axb5 15. Bxb5+ Bd7 16. Bxd7+ Kd8 17. Bc6 Rc8 18. Be3 Qb6 19. Bxb6+ Rc7 20. Bxd5 Kc8 21. Bxe6+ Kb7 22. Bxc7+ 1-0

[Event "Belgrade-chT"]
[Site "Belgrade"]
[Date "2012.10.08"]
[Round "7.2"]
[White "Popovic, Aleksandar M"]
[Black "Cobic, Vladimir"]
[Result "1/2-1/2"]
[WhiteElo "2274"]
[BlackElo "2295"]
[PlyCount "20"]
[EventDate "2012.10.01"]
[EventType "team-tourn"]
[EventRounds "11"]
[EventCountry "SRB"]
[SourceTitle "CBM 150 Extra"]
[Source "ChessBase"]
[SourceDate "2012.10.19"]
[SourceVersion "1"]
[SourceVersionDate "2012.10.19"]
[SourceQuality "1"]
[WhiteTeam "Belgrade PTT"]
[BlackTeam "Mladenovac"]
[WhiteTeamCountry "SRB"]
[BlackTeamCountry "SRB"]

1. e4 c5 2. Nf3 Nc6 3. d4 cxd4 4. Nxd4 Nf6 5. Nc3 e5 6. Nxc6 dxc6 7. Qxd8+ Kxd8 8. Bd3 Bb4 9. Bd2 Be6 10. 0-0-0 Ke7 1/2-1/2

[Event "Belgrade-chT"]
[Site "Belgrade"]
[Date "2012.10.07"]
[Round "6.4"]
[White "Stosic, Slobodan"]
[Black "Cobic, Vladimir"]
[Result "1/2-1/2"]
[WhiteElo "2174"]
[BlackElo "2295"]
[PlyCount "21"]
[EventDate "2012.10.01"]
[EventType "team-tourn"]
[EventRounds "11"]
[EventCountry "SRB"]
[SourceTitle "CBM 150 Extra"]
[Source "ChessBase"]
[SourceDate "2012.10.19"]
[SourceVersion "1"]
[SourceVersionDate "2012.10.19"]
[SourceQuality "1"]
[WhiteTeam "Cyril i Metodije"]
[BlackTeam "Mladenovac"]
[WhiteTeamCountry "SRB"]
[BlackTeamCountry "SRB"]

1. d4 Nf6 2. Nf3 g6 3. g3 Bg7 4. Bg2 d5 5. 0-0 0-0 6. c4 dxc4 7. Qc2 c5 8. Qxc4 cxd4 9. Qxd4 Nc6 10. Qxd8 Rxd8 11. Nc3 1/2-1/2

[Event "Belgrade-chT"]
[Site "Belgrade"]
[Date "2011.10.05"]
[Round "5.1"]
[White "Cetkovic, Miodrag"]
[Black "Cobic, Vladimir"]
[Result "1-0"]
[WhiteElo "2259"]
[BlackElo "2306"]
[PlyCount "89"]
[EventDate "2011.10.01"]
[EventType "team-tourn"]
[EventRounds "11"]
[EventCountry "SRB"]
[SourceTitle "CBM 144 Extra"]
[Source "ChessBase"]
[SourceDate "2011.10.28"]
[SourceVersion "1"]
[SourceVersionDate "2011.10.28"]
[SourceQuality "1"]
[WhiteTeam "Belgrade Radnicki"]
[BlackTeam "Mladenovac"]
[WhiteTeamCountry "YUG"]
[BlackTeamCountry "YUG"]

1. e4 d5 2. exd5 Nf6 3. d4 Nxd5 4. c4 Nb6 5. Nc3 e5 6. dxe5 Qxd1+ 7. Kxd1 Be6 8. Nb5 Na6 9. b3 0-0-0+ 10. Kc2 Nb4+ 11. Kb2 a6 12. Nc3 Bf5 13. Bg5 Nc2 14. a4 f6 15. exf6 Nxa1 16. Kxa1 h6 17. Be3 gxf6 18. Kb2 Nd7 19. Nf3 Ne5 20. Nd4 Bd7 21. Nd5 f5 22. h3 Bg7 23. Kc2 Rhf8 24. g3 Ng6 25. Bd3 Kb8 26. Rd1 Bc8 27. Ne2 Ne5 28. Bf4 Be6 29. Nec3 Rd7 30. Bf1 c6 31. Re1 cxd5 32. Bxe5+ Bxe5 33. Rxe5 d4 34. Rxe6 dxc3 35. Kxc3 f4 36. Be2 Rg7 37. g4 f3 38. Bd3 h5 39. Bf5 hxg4 40. hxg4 Rh8 41. Re3 Rh3 42. Kd4 Kc7 43. a5 Rf7 44. Re8 Rh1 45. Kc5 1-0